| 000 | 00977nam a2200301Ia 4500 | ||
|---|---|---|---|
| 001 | dia_5067 | ||
| 003 | CHAP | ||
| 005 | 20251023171955.0 | ||
| 008 | 220117s2006 xx 000 0 und d | ||
| 010 | _a175892 | ||
| 020 | _a92-5-305386-0 | ||
| 040 | _cCHAP | ||
| 082 | _a636.08 F73 2006 | ||
| 100 |
_aFraser, David _943065 |
||
| 245 |
_aEl bienestar animal y la intensificación de la producción animal : una interpretación alternativa / _c David Fraser |
||
| 260 |
_aItalia : _b FAO, _c2006 |
||
| 300 | _a32 p. | ||
| 440 |
_aDocumentos de la FAO sobre ética ; 2 _9157468 |
||
| 503 | _aC/e | ||
| 504 | _aBibliografía: p. 23-25 | ||
| 590 | _aHV4757 F73 2006 | ||
| 650 |
_aBienestar de los animales _xAspectos morales y éticos _9157469 |
||
| 650 |
_aIndustria agropecuaria _xAspectos morales y éticos _9157470 |
||
| 901 | _a636.08 F73 2006 | ||
| 902 | _aA | ||
| 905 | _a5232272006 it n 8222223322spa16 | ||
| 942 |
_cLIBRO _2ddc |
||
| 999 |
_c175892 _d175892 |
||